Les 10 pays possédant les plus grandes réserves de fer - Statistiques

Statistiques générales
  • Ce quiz a été pris 71 fois
  • Le résultat moyen est 8 sur 10
Statistiques - réponses
Minerai brut (en millions de tonnes) Teneur en fer (en millions de tonnes) Pays % Correct
20000 6900 Chine
98%
3000 1000 États-Unis
98%
25000 14000 Russie
94%
29000 15000 Brésil
91%
5500 3400 Inde
91%
6000 2300 Canada
89%
48000 23000 Australie
84%
2500 900 Kazakhstan
55%
2700 1500 Iran
50%
6500 2300 Ukraine
42%
Aucun quiz correspondant
Distribution des résultats
% des personnes avec chaque résultat
Percentile par nombre de réponses
Votre historique - résultats
Vous n’avez pas pris ce quiz